| 000 | 00591nam a2200205 u 4500 | ||
|---|---|---|---|
| 005 | 20240806063818.0 | ||
| 008 | 080521s2003 r 000 0 eng d | ||
| 020 | _a8496154440 | ||
| 035 | _aUPN01000156125 | ||
| 049 | _aI | ||
| 050 | 4 |
_aPZ73 _bN6.3 |
|
| 100 | 1 | _aNord, Lilas | |
| 245 | 1 | 3 |
_aEl castillo de los cuatro vientos / _cLilas Nord ; il. de Henri Galeron. |
| 260 |
_aValencia, Esp. : _bBrosquil, _c2003. |
||
| 300 | _a110 p. : | ||
| 440 | 0 | _aCuentos policiales | |
| 650 | 4 |
_aLiteratura juvenil _95153 |
|
| 650 | 0 |
_aCuentos policĂacos y de misterio _92405 |
|
| 905 | _aInfantil | ||
| 999 |
_c128239 _d128239 |
||